[Event "NAYCC U14"]
[Site "Montreal CAN"]
[Date "2010.08.18"]
[Round "5"]
[White "Dunne, Francesco"]
[Black "Molev, Daniel"]
[Result "1-0"]
[WhiteElo "1403"]
[BlackElo "1218"]
[PlyCount "93"]
[EventDate "2010.08.16"]
[EventType "swiss"]
[EventRounds "7"]
[EventCountry "CAN"]

1. e4 e6 2. d4 d5 3. e5 c5 4. c3 Qb6 5. Bd3 Nc6 6. Nf3 Bd7 7. Bc2 Na5 8. O-O
Bb5 9. dxc5 Bxc5 10. b4 Bxf1 11. bxc5 Qxc5 12. Qxf1 Ne7 13. Ba3 Qc7 14. Bd6 Qb6
15. Na3 Qb2 16. Qb5+ Qxb5 17. Nxb5 Kd7 18. Ba4 Nac6 19. Nbd4 Rac8 20. Rb1 b6
21. Bxe7 Kxe7 22. Nxc6+ Kf8 23. Nfd4 g6 24. f4 Kg7 25. Ne2 Rc7 26. g4 Rhc8 27.
Ned4 Rb7 28. Bb5 Rbc7 29. Ba4 Rb7 30. f5 gxf5 31. gxf5 Kh8 32. fxe6 Rg8+ 33.
Kh1 fxe6 34. Nxe6 Rg6 35. Nf4 Rg4 36. Nd8 Re7 37. Nde6 Rxe6 38. Nxe6 Rxa4 39.
Re1 Rxa2 40. Nc7 Kg8 41. e6 a5 42. e7 a4 43. e8=Q+ Kg7 44. Re7+ Kh6 45. Qf8+
Kh5 46. Rxh7+ Kg5 47. Rg7+ 1-0

[Event "NAYCC U14"]
[Site "Montreal CAN"]
[Date "2010.08.18"]
[Round "5"]
[White "Herry, Serwan"]
[Black "Xiang, Qun Tian"]
[Result "0-1"]
[WhiteElo "848"]
[BlackElo "1112"]
[PlyCount "74"]
[EventDate "2010.08.16"]
[EventType "swiss"]
[EventRounds "7"]
[EventCountry "CAN"]

1. e4 e5 2. Nf3 Nc6 3. Bb5 a6 4. Ba4 Nf6 5. O-O Be7 6. Re1 b5 7. Bb3 d6 8. c3
O-O 9. d4 Bg4 10. h3 Bh5 11. d5 Na5 12. Bc2 c6 13. dxc6 Nxc6 14. Nbd2 d5 15.
exd5 Nxd5 16. Nf1 f6 17. Ng3 Bf7 18. Nh4 Bc5 19. Qg4 Kh8 20. Ngf5 Rg8 21. Qe4
g6 22. Nh6 Rg7 23. Nxf7+ Rxf7 24. c4 bxc4 25. Qxc4 Rc8 26. Be4 Ncb4 27. Qb3 f5
28. Bxd5 Nxd5 29. Rxe5 Qxh4 30. g3 Qd4 31. Be3 Qxe5 32. Rc1 Rfc7 33. Bd2 Bxf2+
34. Kxf2 Rxc1 35. Bxc1 Rxc1 36. Qd3 Qxb2+ 37. Kf3 Rc3 0-1

[Event "NAYCC U14"]
[Site "Montreal CAN"]
[Date "2010.08.18"]
[Round "5"]
[White "Itkin, David"]
[Black "Posaratnanathan, Juliaan"]
[Result "0-1"]
[WhiteElo "2105"]
[BlackElo "1806"]
[PlyCount "120"]
[EventDate "2010.08.16"]
[EventType "swiss"]
[EventRounds "7"]
[EventCountry "CAN"]

1. e4 c5 2. Nc3 Nc6 3. Bb5 Nd4 4. Bc4 e6 5. Nf3 Nf6 6. O-O a6 7. d3 b5 8. Bb3
Nxb3 9. axb3 Bb7 10. Bg5 Be7 11. e5 Ng4 12. Bxe7 Qxe7 13. Re1 d6 14. h3 Nxe5
15. Nxe5 dxe5 16. Rxe5 O-O 17. Qg4 Rad8 18. Rae1 Rd4 19. Qg3 Rc8 20. f4 Qd6 21.
Ne4 Bxe4 22. R5xe4 c4 23. bxc4 bxc4 24. Qe3 Rxe4 25. Qxe4 cxd3 26. cxd3 Qb6+
27. d4 Rd8 28. Kh1 Rxd4 29. Rc1 h6 30. Rc8+ Rd8 31. Rc6 Qxb2 32. Rxa6 Qd4 33.
Ra4 Qxe4 34. Rxe4 Kh7 35. Kh2 Rd3 36. g3 Rd2+ 37. Kg1 Kg6 38. Re5 h5 39. Rg5+
Kh6 40. Re5 g6 41. Kh1 Kg7 42. Kg1 h4 43. g4 Rd4 44. f5 Rd5 45. Rxd5 exd5 46.
fxg6 fxg6 47. Kf2 g5 48. Ke3 Kf6 49. Kd4 Ke6 50. Kd3 Ke5 51. Ke3 d4+ 52. Kd3
Kd5 53. Kd2 Ke4 54. Ke2 Kf4 55. Kd3 Kg3 56. Kxd4 Kxh3 57. Ke3 Kxg4 58. Kf2 Kh3
59. Kg1 g4 60. Kf2 Kh2 0-1

[Event "NAYCC U14"]
[Site "Montreal CAN"]
[Date "2010.08.18"]
[Round "5"]
[White "Jafarov, Amin"]
[Black "Sun, Mike"]
[Result "0-1"]
[WhiteElo "875"]
[BlackElo "1163"]
[PlyCount "176"]
[EventDate "2010.08.16"]
[EventType "swiss"]
[EventRounds "7"]
[EventCountry "CAN"]

1. e4 d6 2. d4 Nf6 3. Nc3 g6 4. Bg5 Bg7 5. Nf3 c6 6. e5 Nd5 7. Nxd5 cxd5 8. Qd2
h5 9. h3 a6 10. O-O-O Nc6 11. a3 b5 12. Re1 Be6 13. g3 Rc8 14. h4 Na5 15. Kb1
Nc4 16. Bxc4 Rxc4 17. b3 Rc6 18. Qf4 Bf5 19. Re2 Be4 20. Rc1 Rc3 21. Ne1 Rxb3+
22. Ka2 Rc3 23. f3 Qa5 24. Re3 Qxa3+ 25. Kb1 Rxe3 26. Qxe3 Qxe3 27. Bxe3 Bf5
28. Bf4 Kd7 29. Kb2 Rc8 30. Ra1 Ra8 31. Nd3 Bxd3 32. cxd3 dxe5 33. dxe5 e6 34.
g4 hxg4 35. fxg4 Kc6 36. d4 Kb6 37. Kb3 Rc8 38. Be3 a5 39. h5 a4+ 40. Kb2 Ka5
41. Bd2+ b4 42. h6 Bh8 43. g5 Kb5 44. Rf1 Rc7 45. Rf3 Kc4 46. Be1 Rb7 47. Ka2
Kb5 48. Kb2 Rc7 49. Rd3 a3+ 50. Kb3 Rc4 51. Rf3 Rxd4 52. Rxf7 Rd3+ 53. Kc2 a2
54. Ra7 b3+ 55. Kxd3 b2 56. Rb7+ Ka6 57. Rxb2 a1=Q 58. Bc3 Qd1+ 59. Rd2 Qf3+
60. Kc2 Qe4+ 61. Kb2 Bxe5 62. Bxe5 Qxe5+ 63. Kc2 Qxg5 64. Kc1 Qxh6 65. Kd1
Qxd2+ 66. Kxd2 Kb5 67. Kd3 Kc5 68. Kc3 g5 69. Kd2 Kd4 70. Ke2 Ke4 71. Kd2 d4
72. Ke2 e5 73. Kf2 Kd3 74. Kf3 e4+ 75. Kf2 Kd2 76. Kg3 e3 77. Kg4 e2 78. Kxg5
e1=Q 79. Kf4 Qe3+ 80. Kf5 d3 81. Kg4 Ke2 82. Kf5 Kf3 83. Kf6 d2 84. Kf5 Qe4+
85. Kf6 d1=Q 86. Kg5 Qf4+ 87. Kg6 Qg1+ 88. Kh5 Qfh2# 0-1

[Event "NAYCC U14"]
[Site "Montreal CAN"]
[Date "2010.08.18"]
[Round "5"]
[White "Jiang, Nathan"]
[Black "Wen, Yi Zeng"]
[Result "1-0"]
[WhiteElo "1375"]
[BlackElo "1108"]
[PlyCount "79"]
[EventDate "2010.08.16"]
[EventType "swiss"]
[EventRounds "7"]
[EventCountry "CAN"]

1. e4 e5 2. Nf3 Nc6 3. Bb5 a6 4. Ba4 Bc5 5. O-O d6 6. h3 Bd7 7. c3 Nf6 8. Re1
O-O 9. d4 exd4 10. cxd4 Bb6 11. Nc3 Re8 12. Bb3 h6 13. Bf4 Re7 14. Nd5 Nxd5 15.
Bxd5 Rb8 16. Bg3 Nb4 17. Bb3 Be6 18. d5 Bd7 19. a3 Nxd5 20. exd5 Bf5 21. Rxe7
Qxe7 22. Bc2 Bxc2 23. Qxc2 Rc8 24. Re1 Qd7 25. Qe4 c6 26. dxc6 bxc6 27. Qe7 Rd8
28. Qxd7 Rxd7 29. Re8+ Kh7 30. Ra8 a5 31. Ra6 Bd8 32. Rxc6 d5 33. Rd6 Rxd6 34.
Bxd6 Bf6 35. b4 axb4 36. axb4 d4 37. Be5 Bxe5 38. Nxe5 f6 39. Nd3 Kg6 40. b5
1-0

[Event "NAYCC U14"]
[Site "Montreal CAN"]
[Date "2010.08.18"]
[Round "5"]
[White "Manailoiu, Dragos"]
[Black "Farrant-Diaz, Nathan"]
[Result "1-0"]
[WhiteElo "1309"]
[BlackElo "1319"]
[PlyCount "67"]
[EventDate "2010.08.16"]
[EventType "swiss"]
[EventRounds "7"]
[EventCountry "CAN"]

1. d4 b6 2. c4 Bb7 3. Nc3 f5 4. Bg5 Nf6 5. Bxf6 exf6 6. Qc2 g6 7. Nf3 Bh6 8. h4
Qe7 9. h5 d6 10. e3 Nc6 11. O-O-O O-O-O 12. Kb1 Rde8 13. Nd5 Qf7 14. b4 a5 15.
hxg6 hxg6 16. b5 Nd8 17. Nc3 Ne6 18. d5 Nc5 19. Bd3 Rh7 20. Nd2 Reh8 21. Nb3
Nxb3 22. axb3 Bf8 23. Rxh7 Qxh7 24. g4 fxg4 25. Bxg6 Qg7 26. Rg1 Rh4 27. f3 Qe7
28. Qf2 g3 29. Qxg3 Qxe3 30. Kc2 Rh8 31. Re1 Qg5 32. Re8+ Kd7 33. Ne4 Bg7 34.
Nxg5 1-0

[Event "NAYCC U14"]
[Site "Montreal CAN"]
[Date "2010.08.18"]
[Round "5"]
[White "Qian, Jack"]
[Black "Shi, Yang Tian Jiao (Sky"]
[Result "1-0"]
[WhiteElo "855"]
[BlackElo "1327"]
[PlyCount "69"]
[EventDate "2010.08.16"]
[EventType "swiss"]
[EventRounds "7"]
[EventCountry "CAN"]

1. e4 e5 2. Nf3 Nc6 3. d4 exd4 4. Nxd4 Nf6 5. Nc3 Bb4 6. Nxc6 dxc6 7. Qxd8+
Kxd8 8. Bg5 h6 9. Bxf6+ gxf6 10. O-O-O+ Ke7 11. Bc4 Be6 12. Bb3 Rad8 13. a3
Bxb3 14. axb4 Rxd1+ 15. Nxd1 Bc4 16. Ne3 Be6 17. f4 Rg8 18. f5 Bd7 19. c4 Kd6
20. Rd1+ Ke7 21. Kc2 h5 22. Kc3 b6 23. Kd2 a6 24. Ke2 Bc8 25. Kf3 Bb7 26. c5 b5
27. g4 hxg4+ 28. Nxg4 Ra8 29. Rd3 Rh8 30. Kg3 Rg8 31. h4 Bc8 32. h5 Rg5 33. Kh4
Rg7 34. e5 fxe5 35. f6+ 1-0

[Event "NAYCC U14"]
[Site "Montreal CAN"]
[Date "2010.08.18"]
[Round "5"]
[White "Qin, Zi Yi (Joey)"]
[Black "Sohal, Tanraj"]
[Result "1-0"]
[WhiteElo "2329"]
[BlackElo "2048"]
[PlyCount "55"]
[EventDate "2010.08.16"]
[EventType "swiss"]
[EventRounds "7"]
[EventCountry "CAN"]

1. e4 c5 2. Nf3 Nc6 3. d4 cxd4 4. Nxd4 Nf6 5. Nc3 e5 6. Ndb5 d6 7. Bg5 a6 8.
Na3 Be6 9. Nc4 Rc8 10. Bxf6 gxf6 11. Bd3 Ne7 12. Ne3 Qb6 13. Qc1 Bh6 14. O-O
Rg8 15. Kh1 Bg5 16. a4 Qc6 17. Qd1 Rd8 18. Ned5 Bxd5 19. exd5 Qb6 20. Qf3 Ng6
21. g3 Bh6 22. Ne4 Bg7 23. c4 Ke7 24. b4 Qd4 25. Rfd1 a5 26. Be2 Qa7 27. c5
axb4 28. Rac1 1-0

[Event "NAYCC U14"]
[Site "Montreal CAN"]
[Date "2010.08.18"]
[Round "5"]
[White "Regam, Jay"]
[Black "Lepine, Cedric"]
[Result "0-1"]
[WhiteElo "1417"]
[BlackElo "1663"]
[PlyCount "64"]
[EventDate "2010.08.16"]
[EventType "swiss"]
[EventRounds "7"]
[EventCountry "CAN"]

1. e4 e6 2. d4 d5 3. Nd2 Nf6 4. e5 Nfd7 5. Bd3 c5 6. c3 Nc6 7. Ne2 Be7 8. Nf3
Qb6 9. a3 cxd4 10. cxd4 O-O 11. O-O f6 12. exf6 Bxf6 13. Rb1 e5 14. dxe5 Ndxe5
15. Nxe5 Bxe5 16. Be3 d4 17. Bd2 Bf5 18. Bxf5 Rxf5 19. Qc2 Raf8 20. Qd3 Rh5 21.
h3 Bd6 22. b4 Qb5 23. Qxb5 Rxb5 24. Rbd1 Rd5 25. Rfe1 Be5 26. Nc1 d3 27. Be3
Rfd8 28. Bg5 R8d7 29. Be3 d2 30. Re2 dxc1=Q 31. Rxc1 Rd1+ 32. Rxd1 Rxd1+ 0-1

[Event "NAYCC U14"]
[Site "Montreal CAN"]
[Date "2010.08.18"]
[Round "5"]
[White "Robichaud, Nicolas"]
[Black "Yu, Benoit"]
[Result "1-0"]
[WhiteElo "1332"]
[BlackElo "698"]
[PlyCount "87"]
[EventDate "2010.08.16"]
[EventType "swiss"]
[EventRounds "7"]
[EventCountry "CAN"]

1. e4 e5 2. Nf3 Nc6 3. Bb5 a6 4. Ba4 b5 5. Bb3 Nf6 6. O-O Bc5 7. c3 O-O 8. d4
Bd6 9. Re1 Bb7 10. Bg5 Be7 11. dxe5 Ng4 12. Bxe7 Qxe7 13. Qd5 Rab8 14. Qd3
Ncxe5 15. Nxe5 Qxe5 16. Qg3 Qxg3 17. hxg3 Rfe8 18. f3 Ne5 19. Rd1 d6 20. a4 Nc4
21. axb5 Nxb2 22. Rd2 axb5 23. Rxb2 Re5 24. Nd2 d5 25. Bxd5 Bxd5 26. exd5 Rxd5
27. c4 Re5 28. Rxb5 Rbe8 29. Rxe5 Rf8 30. Rae1 g6 31. Re8 c5 32. Rxf8+ Kxf8 33.
Re5 f6 34. Rxc5 Ke7 35. Rd5 Ke6 36. Rd3 g5 37. c5 Kf5 38. c6 Kg6 39. c7 Kf5 40.
c8=Q+ Kg6 41. Rd6 Kh5 42. Qe8+ Kh6 43. Rxf6+ Kg7 44. Qf8# 1-0

[Event "NAYCC U14"]
[Site "Montreal CAN"]
[Date "2010.08.18"]
[Round "5"]
[White "Shen, Arthur"]
[Black "Ding, Andrew"]
[Result "1-0"]
[WhiteElo "2220"]
[BlackElo "2049"]
[PlyCount "67"]
[EventDate "2010.08.16"]
[EventType "swiss"]
[EventRounds "7"]
[EventCountry "CAN"]

1. e4 c5 2. Nf3 e6 3. d4 cxd4 4. Nxd4 a6 5. Nc3 Qc7 6. Bd3 Nf6 7. f4 d6 8. O-O
Nbd7 9. Kh1 b5 10. Bd2 Bb7 11. Qe2 g6 12. f5 e5 13. Ne6 fxe6 14. fxe6 Bg7 15.
exd7+ Qxd7 16. b4 O-O 17. a4 bxa4 18. Nxa4 Rad8 19. Nc3 d5 20. exd5 Nxd5 21.
Nxd5 Bxd5 22. Rxf8+ Rxf8 23. Bxa6 Qf5 24. Be3 Ra8 25. b5 Qe4 26. Re1 Bc4 27.
Bb7 Qxb7 28. Qxc4+ Kh8 29. Qb3 Bf8 30. c4 Ra3 31. Qb2 Qe4 32. Bf2 Qxc4 33.
Qxe5+ Kg8 34. Bd4 1-0

[Event "NAYCC U14"]
[Site "Montreal CAN"]
[Date "2010.08.18"]
[Round "5"]
[White "Tang, Leslie"]
[Black "Guo, Forest"]
[Result "0-1"]
[WhiteElo "1475"]
[BlackElo "1601"]
[PlyCount "60"]
[EventDate "2010.08.16"]
[EventType "swiss"]
[EventRounds "7"]
[EventCountry "CAN"]

1. d4 d5 2. Nf3 Nf6 3. c4 e6 4. Nc3 Be7 5. g3 O-O 6. Bg2 dxc4 7. O-O c5 8. e3
a6 9. a4 Qc7 10. Qc2 Bd7 11. Bd2 Bc6 12. Rac1 cxd4 13. exd4 b5 14. b3 b4 15.
Ne2 c3 16. Bxc3 bxc3 17. Qxc3 Qb7 18. Nf4 Bb4 19. Qd3 Be4 20. Qe3 Nbd7 21. Rc4
Rac8 22. Rfc1 a5 23. Ne5 Bxg2 24. Nxd7 Qxd7 25. Kxg2 Rxc4 26. Rxc4 Nd5 27. Qc1
Nxf4+ 28. gxf4 Qd5+ 29. f3 Qf5 30. Qe3 Qb1 0-1

[Event "NAYCC U14"]
[Site "Montreal CAN"]
[Date "2010.08.18"]
[Round "5"]
[White "Xu, Tian Run"]
[Black "Morin-Pare, Victor"]
[Result "1-0"]
[WhiteElo "1368"]
[BlackElo "1058"]
[PlyCount "55"]
[EventDate "2010.08.16"]
[EventType "swiss"]
[EventRounds "7"]
[EventCountry "CAN"]

1. e4 c5 2. Nf3 d6 3. d4 cxd4 4. Nxd4 Nf6 5. Nc3 g6 6. Be3 Bg7 7. f3 O-O 8. Bc4
a6 9. Qd2 Bd7 10. O-O-O Nc6 11. g4 Qa5 12. Nxc6 Bxc6 13. Kb1 Rac8 14. Nd5 Qxd2
15. Nxe7+ Kh8 16. Rxd2 Rc7 17. Nxc6 Rxc6 18. Bb3 Nd7 19. Rhd1 Ne5 20. Rxd6 Rxd6
21. Rxd6 Nxf3 22. h3 Ne5 23. a3 h6 24. Bd5 Rb8 25. Rb6 Re8 26. Rxb7 Nc4 27.
Bxf7 Rxe4 28. Rb8+ 1-0

[Event "NAYCC U14"]
[Site "Montreal CAN"]
[Date "2010.08.18"]
[Round "5"]
[White "Zhang, Zhiyuan"]
[Black "Knox, Christopher"]
[Result "1/2-1/2"]
[WhiteElo "1686"]
[BlackElo "1912"]
[PlyCount "69"]
[EventDate "2010.08.16"]
[EventType "swiss"]
[EventRounds "7"]
[EventCountry "CAN"]

1. e4 c5 2. c3 g6 3. d4 cxd4 4. cxd4 d5 5. e5 Bg7 6. Nc3 Nc6 7. a3 f6 8. f4 Nh6
9. Nf3 Bg4 10. Be2 Nf5 11. O-O e6 12. Ne1 Bxe2 13. Nxe2 Qb6 14. Nf3 O-O 15. Kh1
Na5 16. g4 Ne7 17. Bd2 Nec6 18. Bc3 Nc4 19. Qd3 a5 20. Nd2 Nxd2 21. Qxd2 f5 22.
g5 Rfc8 23. Rf3 Bf8 24. h4 Qc7 25. Qd3 Qb6 26. Kg2 Qa6 27. Rh1 Qxd3 28. Rxd3 b5
29. Bd2 b4 30. a4 Nb8 31. Rc1 Nd7 32. b3 Rxc1 33. Bxc1 Rc8 34. Kf2 Nb6 35. Rd2
1/2-1/2

[Event "NAYCC U14"]
[Site "Montreal CAN"]
[Date "2010.08.18"]
[Round "6"]
[White "Guo, Forest"]
[Black "Posaratnanathan, Juliaan"]
[Result "1/2-1/2"]
[WhiteElo "1601"]
[BlackElo "1414"]
[PlyCount "103"]
[EventDate "2010.08.16"]
[EventType "swiss"]
[EventRounds "7"]
[EventCountry "CAN"]

1. e4 c5 2. Nf3 Nc6 3. Bb5 g6 4. Bxc6 dxc6 5. d3 Bg7 6. h3 Nf6 7. O-O O-O 8.
Nc3 b5 9. Rb1 Be6 10. b3 Nd7 11. Ne2 Qa5 12. a3 Ne5 13. Ng5 Bc8 14. f4 Nd7 15.
f5 Ne5 16. b4 cxb4 17. axb4 Qb6+ 18. Kh1 a5 19. bxa5 Rxa5 20. Bb2 Bd7 21. Nf3
Nxf3 22. Rxf3 Bxb2 23. Rxb2 Rfa8 24. fxg6 hxg6 25. Qc1 Ra1 26. Rb1 Rxb1 27.
Qxb1 Qa5 28. Kh2 Qa1 29. Qxa1 Rxa1 30. c3 Ra2 31. Ng3 e5 32. d4 exd4 33. cxd4
Rd2 34. d5 cxd5 35. exd5 Rxd5 36. Ne4 Kg7 37. Nf6 Rd6 38. Nxd7 Rxd7 39. Kg3 b4
40. Rb3 Rb7 41. Kf4 f6 42. h4 Rb5 43. g4 g5+ 44. hxg5 fxg5+ 45. Ke4 Kf6 46. Kd4
Ke6 47. Kc4 Re5 48. Kd4 Rb5 49. Kc4 Rb7 50. Re3+ Kf6 51. Rf3+ Ke5 52. Kb3
1/2-1/2

[Event "NAYCC U14"]
[Site "Montreal CAN"]
[Date "2010.08.18"]
[Round "6"]
[White "Jiang, Nathan"]
[Black "Kalra, Agastya"]
[Result "1/2-1/2"]
[WhiteElo "1375"]
[BlackElo "1776"]
[PlyCount "55"]
[EventDate "2010.08.16"]
[EventType "swiss"]
[EventRounds "7"]
[EventCountry "CAN"]

1. e4 c5 2. Nf3 d6 3. d4 cxd4 4. Nxd4 Nf6 5. Nc3 g6 6. Be3 Bg7 7. f3 O-O 8. Qd2
Nc6 9. Bc4 Bd7 10. O-O-O Qa5 11. Kb1 Rfc8 12. Bb3 Ne5 13. g4 Nc4 14. Bxc4 Rxc4
15. h4 Rac8 16. h5 Bxg4 17. Nd5 Qxd2 18. Rxd2 Nxd5 19. exd5 Bxh5 20. Rf1 h6 21.
Ne2 g5 22. Bxa7 Bg6 23. Rc1 h5 24. Be3 g4 25. b3 Rb4 26. fxg4 Re4 27. gxh5 Bxh5
28. Ng3 1/2-1/2

[Event "NAYCC U14"]
[Site "Montreal CAN"]
[Date "2010.08.18"]
[Round "6"]
[White "Johnson, Nicholas"]
[Black "Ding, Andrew"]
[Result "0-1"]
[WhiteElo "1317"]
[BlackElo "2049"]
[PlyCount "66"]
[EventDate "2010.08.16"]
[EventType "swiss"]
[EventRounds "7"]
[EventCountry "CAN"]

1. c4 c5 2. Nc3 e6 3. g3 Nc6 4. Bg2 Nf6 5. b3 d5 6. cxd5 exd5 7. Bb2 Be6 8. Rc1
Bd6 9. Nf3 Qe7 10. O-O d4 11. Nb5 Bb8 12. Ba3 Bd6 13. Nxd6+ Qxd6 14. Bxc5 Qd7
15. Re1 h5 16. d3 h4 17. Nxh4 g5 18. Nf3 Bh3 19. Nxg5 Bxg2 20. Kxg2 Qg4 21. Qd2
Nd5 22. Bd6 O-O-O 23. Bf4 f6 24. Nf3 Rdg8 25. e3 Qh3+ 26. Kg1 Qh5 27. Kg2 Qh3+
28. Kh1 Qg4 29. Nxd4 Kd7 30. Nxc6 Qf3+ 31. Kg1 Rxh2 32. Nb8+ Ke6 33. Kf1 Rh1#
0-1

[Event "NAYCC U14"]
[Site "Montreal CAN"]
[Date "2010.08.18"]
[Round "6"]
[White "Lepine, Cedric"]
[Black "Manailoiu, Dragos"]
[Result "1-0"]
[WhiteElo "1663"]
[BlackElo "1309"]
[PlyCount "63"]
[EventDate "2010.08.16"]
[EventType "swiss"]
[EventRounds "7"]
[EventCountry "CAN"]

1. d4 Nf6 2. c4 e6 3. Nc3 Bb4 4. a3 Bxc3+ 5. bxc3 c5 6. e3 O-O 7. Bd3 b6 8. Ne2
Nc6 9. f3 Ba6 10. Ng3 Rc8 11. Bd2 Na5 12. Qe2 Qe7 13. O-O cxd4 14. cxd4 Nxc4
15. Bb4 d6 16. Rfc1 Qc7 17. e4 Rfd8 18. Rc2 d5 19. e5 Ne8 20. f4 g6 21. h4 Ng7
22. h5 Nf5 23. Nxf5 exf5 24. Kf2 Bb7 25. g4 a5 26. gxf5 axb4 27. hxg6 fxg6 28.
fxg6 hxg6 29. Rg1 Qe7 30. Rxg6+ Kf8 31. Qh5 Ke8 32. Re6+ 1-0

[Event "NAYCC U14"]
[Site "Montreal CAN"]
[Date "2010.08.18"]
[Round "6"]
[White "Markelov, Lev"]
[Black "Liu, Mu Dong"]
[Result "0-1"]
[WhiteElo "1168"]
[BlackElo "1089"]
[PlyCount "108"]
[EventDate "2010.08.16"]
[EventType "swiss"]
[EventRounds "7"]
[EventCountry "CAN"]

1. e4 e5 2. Nf3 Nc6 3. Nc3 Nf6 4. Nxe5 Nxe5 5. d4 Nc6 6. d5 Ne5 7. f4 Ng6 8. e5
Nxd5 9. Nxd5 c6 10. Nc3 d6 11. exd6 Qxd6 12. Qxd6 Bxd6 13. g3 Bf5 14. Bd3 Bxd3
15. cxd3 O-O-O 16. Bd2 Rhe8+ 17. Kd1 Bc5 18. Kc2 a6 19. Rhe1 f5 20. Rxe8 Rxe8
21. Re1 Rxe1 22. Bxe1 b5 23. a3 Ne7 24. b4 Ba7 25. Kd2 c5 26. Bf2 cxb4 27. Bxa7
bxc3+ 28. Kxc3 Kd7 29. Bc5 Nc6 30. d4 Ke6 31. h3 g6 32. h4 h5 33. Kc2 Kd5 34.
Kd3 Na5 35. Bb4 Nb3 36. Bc5 Nxc5+ 37. dxc5 Kxc5 38. Kc3 a5 39. Kb3 a4+ 40. Kc3
b4+ 41. axb4+ Kb5 42. Kc2 Kxb4 43. Kb2 a3+ 44. Ka2 Ka4 45. Ka1 Kb3 46. Kb1 a2+
47. Ka1 Kc3 48. Kxa2 Kd3 49. Kb3 Ke3 50. Kc4 Kf3 51. Kd5 Kxg3 52. Ke6 Kxh4 53.
Kf6 Kg4 54. Kxg6 h4 0-1

[Event "NAYCC U14"]
[Site "Montreal CAN"]
[Date "2010.08.18"]
[Round "6"]
[White "Molev, Daniel"]
[Black "Shi, Yang Tian Jiao (Sky"]
[Result "1-0"]
[WhiteElo "1239"]
[BlackElo "1333"]
[PlyCount "59"]
[EventDate "2010.08.16"]
[EventType "swiss"]
[EventRounds "7"]
[EventCountry "CAN"]

1. e4 e5 2. Nf3 Nc6 3. d4 exd4 4. Nxd4 Nf6 5. Nc3 Bb4 6. Nxc6 bxc6 7. Bd2 Qe7
8. f3 d5 9. Bd3 dxe4 10. Nxe4 Bxd2+ 11. Qxd2 Nxe4 12. Bxe4 f5 13. Qc3 Bb7 14.
O-O-O fxe4 15. fxe4 Qf6 16. Qd3 Rd8 17. Qe3 Qh6 18. Rde1 Qxe3+ 19. Rxe3 O-O 20.
e5 Rf2 21. g3 Rdd2 22. e6 Kf8 23. Rb3 Rxc2+ 24. Kb1 Ba6 25. Re1 Bc4 26. e7+ Kf7
27. e8=Q+ Kf6 28. Qxc6+ Kg5 29. Re5+ Kg4 30. Qd7+ 1-0

[Event "NAYCC U14"]
[Site "Montreal CAN"]
[Date "2010.08.18"]
[Round "6"]
[White "Morin-Pare, Victor"]
[Black "Farrant-Diaz, Nathan"]
[Result "0-1"]
[WhiteElo "1058"]
[BlackElo "1319"]
[PlyCount "88"]
[EventDate "2010.08.16"]
[EventType "swiss"]
[EventRounds "7"]
[EventCountry "CAN"]

1. e4 b6 2. d4 Bb7 3. Nc3 e6 4. Be2 Nf6 5. Bf3 Bb4 6. e5 Nd5 7. Nge2 O-O 8. O-O
Nxc3 9. Nxc3 Bxf3 10. Qxf3 Nc6 11. Ne2 Qe8 12. c3 Be7 13. Qg3 Kh8 14. Bg5 Bxg5
15. Qxg5 f6 16. exf6 Rxf6 17. Rfe1 Qf7 18. f3 Rf8 19. Ng3 Ne7 20. Re4 Ng6 21.
Rf1 d5 22. Ree1 Nf4 23. Qe5 Nd3 24. Qe2 Nxe1 25. Qxe1 Qg6 26. Qe2 h5 27. Rf2 h4
28. Nf1 h3 29. g3 Qf7 30. Nd2 Qg6 31. Nf1 Kg8 32. Kh1 Qf5 33. f4 g5 34. Ne3
Qe4+ 35. Kg1 gxf4 36. Ng4 Qxe2 37. Nxf6+ Rxf6 38. Rxe2 Kf7 39. Rf2 fxg3 40.
Rxf6+ Kxf6 41. hxg3 Kf5 42. Kh1 c5 43. Kg1 cxd4 44. cxd4 e5 0-1

[Event "NAYCC U14"]
[Site "Montreal CAN"]
[Date "2010.08.18"]
[Round "6"]
[White "Qian, Jack"]
[Black "Zhang, Zhiyuan"]
[Result "1/2-1/2"]
[WhiteElo "855"]
[BlackElo "1686"]
[PlyCount "88"]
[EventDate "2010.08.16"]
[EventType "swiss"]
[EventRounds "7"]
[EventCountry "CAN"]

1. e4 e6 2. d4 d5 3. Nc3 dxe4 4. Nxe4 Bd7 5. Nf3 Bc6 6. Bd3 Nd7 7. Bf4 Be7 8.
O-O Ngf6 9. Re1 Nd5 10. Bg3 f5 11. Nc3 O-O 12. Nxd5 exd5 13. Be5 Bd6 14. h4 h6
15. Bxd6 cxd6 16. g3 Nb6 17. Kg2 Na4 18. Rb1 Qf6 19. Qd2 Nb6 20. Qf4 Bd7 21.
Re2 Rf7 22. h5 Rd8 23. Nh4 Nc8 24. c3 Qg5 25. Qxg5 hxg5 26. Ng6 f4 27. f3 b6
28. Rbe1 a5 29. g4 b5 30. Bf5 Nb6 31. Ne7+ Kf8 32. Ng6+ Kg8 33. Ne7+ Kf8 34.
Ng6+ Kg8 35. Bxd7 Nxd7 36. Re8+ Rxe8 37. Rxe8+ Nf8 38. Rb8 b4 39. cxb4 axb4 40.
Nxf8 Rxf8 41. Rxf8+ Kxf8 42. Kf2 Ke7 43. Ke2 Kd7 44. Kd3 Kc6 1/2-1/2

[Event "NAYCC U14"]
[Site "Montreal CAN"]
[Date "2010.08.18"]
[Round "6"]
[White "Qin, Zi Yi (Joey)"]
[Black "Shen, Arthur"]
[Result "1-0"]
[WhiteElo "2329"]
[BlackElo "2220"]
[PlyCount "69"]
[EventDate "2010.08.16"]
[EventType "swiss"]
[EventRounds "7"]
[EventCountry "CAN"]

1. e4 c5 2. Nf3 d6 3. d4 cxd4 4. Nxd4 Nf6 5. Nc3 a6 6. Bc4 e6 7. Bb3 b5 8. Qf3
Qc7 9. O-O Be7 10. Qg3 Nc6 11. Nxc6 Qxc6 12. Re1 Bb7 13. a3 Rd8 14. Bg5 O-O 15.
Rad1 Kh8 16. Kh1 h6 17. Bc1 Rfe8 18. f3 Nd7 19. Ne2 Ne5 20. c3 Rg8 21. Qh3 Kh7
22. Nd4 Qe8 23. f4 Ng6 24. Nf3 e5 25. Ng5+ Bxg5 26. fxg5 Nf4 27. Bxf4 exf4 28.
Qf5+ g6 29. Qxf4 hxg5 30. Qxg5 Rd7 31. Rd3 Kg7 32. Qf4 Qe7 33. Rh3 Kf8 34. Rh7
Rg7 35. Rh8+ 1-0

[Event "NAYCC U14"]
[Site "Montreal CAN"]
[Date "2010.08.18"]
[Round "6"]
[White "Sohal, Tanraj"]
[Black "Dunne, Francesco"]
[Result "1-0"]
[WhiteElo "2048"]
[BlackElo "1403"]
[PlyCount "101"]
[EventDate "2010.08.16"]
[EventType "swiss"]
[EventRounds "7"]
[EventCountry "CAN"]

1. d4 Nf6 2. c4 e5 3. dxe5 Ng4 4. Bf4 Nc6 5. Nf3 Bb4+ 6. Nbd2 Qe7 7. a3 Ngxe5
8. Nxe5 Nxe5 9. e3 Bxd2+ 10. Qxd2 d6 11. Be2 Bf5 12. Qc3 O-O 13. O-O Rfe8 14.
Qb3 b6 15. Rac1 Be4 16. Qc3 Bb7 17. Bg3 Rad8 18. Rfd1 a6 19. Rd2 Nd7 20. Bd3
Nc5 21. Qc2 Nxd3 22. Qxd3 Qe4 23. Qxe4 Bxe4 24. Rcd1 Bc6 25. Bf4 Ba4 26. Rc1 f6
27. Rc3 Bc6 28. f3 Rd7 29. e4 Kf7 30. b4 Red8 31. Kf2 Ke6 32. Rdc2 Bb7 33. c5
dxc5 34. bxc5 bxc5 35. Rxc5 c6 36. Rb2 g6 37. h4 h5 38. Rb6 Kf7 39. Rc3 Re8 40.
Be3 Rc7 41. Bc5 Rd8 42. Rcb3 Rdd7 43. Be3 Bc8 44. Rc3 Bb7 45. Bf4 Rc8 46. Rcb3
Ba8 47. Rxa6 c5 48. Rbb6 Kg7 49. Rxf6 c4 50. Rxg6+ Kh7 51. Be5 1-0

[Event "NAYCC U14"]
[Site "Montreal CAN"]
[Date "2010.08.18"]
[Round "6"]
[White "Sun, Mike"]
[Black "Robichaud, Nicolas"]
[Result "1-0"]
[WhiteElo "1370"]
[BlackElo "1332"]
[PlyCount "53"]
[EventDate "2010.08.16"]
[EventType "swiss"]
[EventRounds "7"]
[EventCountry "CAN"]

1. e4 c5 2. Nc3 e6 3. Bc4 Nc6 4. f4 d6 5. Nf3 g6 6. O-O Bg7 7. d3 Nge7 8. Qe1
a6 9. a3 Qc7 10. Ba2 Nd4 11. Qd1 Nec6 12. Ne2 b5 13. Ng5 O-O 14. c3 Nxe2+ 15.
Qxe2 Re8 16. Qf2 Qb6 17. f5 h6 18. fxg6 f6 19. Nf7 Qc7 20. Bxh6 Bxh6 21. Nxh6+
Kg7 22. Qxf6+ Kxh6 23. g7+ Kh7 24. Qf8 Rxf8 25. gxf8=Q Qg7 26. Rf7 Qxf7 27.
Qxf7+ 1-0